Famous Rappers 2.0 - Statistics

General Stats
  • This quiz has been taken 64 times
  • The average score is 10 of 14
Answer Stats
Hint Answer % Correct
Slim Shady Eminem
96%
In da club 50 cent
95%
Carnival, Gold digger Kanye West
95%
Barbie World, Starships Nicki Minaj
93%
Won the rap battle against drake Kendrick Lamar
91%
Stiill D.R.E. Dr. Dre
89%
Rich Baby Daddy Drake
82%
Deli, Think u the S***, boys a liar pt. 2 Ice Spice
80%
Wap. She's just that good. Cardi B
78%
Double G Snoop dogg
75%
Fireball, Timber, Rain over me Pitbull
62%
6 foot 7 foot, Fireman Lil Wayne
49%
Actor and rapper, Hello, you can do it Ice cube
44%
The tower, midnight Ice T
16%
No matching quizzes found
Score Distribution
Percent of People with Each Score
Percentile by Number Answered
Your Score History
You have not taken this quiz